[Event "Unterfränkischen EM 2014"]
[Site "Wörth am Main"]
[Date "2014.04.22"]
[Round "2.3"]
[White "Schwarz, Tobias"]
[Black "Wilm, Johannes"]
[Result "0-1"]
[WhiteElo "1634"]
[BlackElo "1551"]
[PlyCount "114"]
[EventDate "2014.??.??"]

1. e4 d6 2. d4 Nf6 3. f3 g6 4. Be3 Bg7 5. Qd2 O-O 6. Bh6 e5 7. Ne2 exd4 8. Nxd4
Nxe4 9. Qf4 Bxh6 10. Qxh6 Qg5 11. Qxg5 Nxg5 12. Nb5 Na6 13. N1c3 Bd7 14. Nd5
Kg7 15. Nd4 Ne6 16. Nxe6+ Bxe6 17. Nf4 Nc5 18. Nxe6+ Nxe6 19. O-O-O Rad8 20.
Bc4 c6 21. g3 d5 22. Bf1 Rd7 23. f4 f5 24. b4 Rfd8 25. Bg2 b5 26. Rhe1 Kf7 27.
Re3 Re7 28. Rc3 Rd6 29. a4 a6 30. axb5 axb5 31. Ra3 Rdd7 32. Ra6 Nd8 33. Kb2
Re2 34. Rg1 Rde7 35. h3 Re1 36. Rxe1 Rxe1 37. Ra7+ Kf6 38. g4 Rg1 39. Bf3 Rf1
40. g5+ Ke6 41. Be2 Rxf4 42. Rxh7 Rxb4+ 43. Kc3 Ra4 44. Rg7 Ra3+ 45. Kb4 Rxh3
46. Rxg6+ Ke5 47. Rg8 Ne6 48. g6 Rg3 49. Bd3 Kf6 50. Ka5 Rxg6 51. Rc8 c5 52.
Kxb5 Ke5 53. Rh8 c4 54. Bf1 Nd4+ 55. Kc5 Rc6+ 56. Kb4 Nxc2+ 57. Kc3 Ne3 0-1

[Event "Unterfränkischen EM 2014"]
[Site "Wörth am Main"]
[Date "2014.04.22"]
[Round "2.4"]
[White "Weikert, Benedikt"]
[Black "Chen, Jiuli"]
[Result "1-0"]
[WhiteElo "1744"]
[BlackElo "1493"]
[PlyCount "61"]
[EventDate "2014.??.??"]

1. d4 d6 2. Nf3 g6 3. e4 Bg7 4. Bf4 Nf6 5. Nbd2 Bg4 6. h3 Bxf3 7. Qxf3 c6 8. c3
b5 9. e5 Nd5 10. Bh2 dxe5 11. Bxe5 f6 12. Bh2 Qb6 13. a4 bxa4 14. Bc4 Qxb2 15.
Rb1 Qxc3 16. Bxd5 cxd5 17. Qxc3 O-O 18. Rxb8 Raxb8 19. Bxb8 Rxb8 20. O-O f5 21.
Qc5 Rb2 22. Qxd5+ Kf8 23. Qd8+ Kf7 24. Nc4 Rb4 25. Re1 Bf6 26. Ne5+ Kg7 27. Nc6
Rb2 28. Rxe7+ Bxe7 29. Qxe7+ Kh6 30. d5 Rd2 31. Qe3+ 1-0

[Event "Unterfränkischen EM 2014"]
[Site "Wörth am Main"]
[Date "2014.04.22"]
[Round "2.5"]
[White "Lamping, Peter"]
[Black "Liebler, Jürgen"]
[Result "1/2-1/2"]
[WhiteElo "1585"]
[BlackElo "1684"]
[PlyCount "60"]
[EventDate "2014.??.??"]

1. f4 Nc6 2. Nf3 d6 3. e3 Nf6 4. Be2 Bg4 5. O-O Qd7 6. d3 O-O-O 7. Nc3 e5 8. e4
h6 9. f5 Be7 10. h3 Bxf3 11. Bxf3 Nh7 12. a3 Bg5 13. Nd5 Ne7 14. Bxg5 Nxg5 15.
Bg4 f6 16. c4 c6 17. Nc3 Qc7 18. Kh1 Kb8 19. Bh5 Qb6 20. Qd2 Rdf8 21. b4 Qd4
22. h4 Nxe4 23. Nxe4 Nxf5 24. Qf2 d5 25. Qxd4 Nxd4 26. cxd5 cxd5 27. Nc5 Rd8
28. Bg4 Rd6 29. Rac1 b6 30. Na4 Rf8 1/2-1/2

[Event "Unterfränkischen EM 2014"]
[Site "Wörth am Main"]
[Date "2014.04.22"]
[Round "2.7"]
[White "Stolcz, Frank"]
[Black "Kraus, Arnold"]
[Result "1/2-1/2"]
[WhiteElo "1479"]
[BlackElo "1656"]
[PlyCount "73"]
[EventDate "2014.??.??"]

1. d4 g6 2. b3 Bg7 3. Bb2 Nf6 4. Nf3 d6 5. e3 O-O 6. Be2 Nbd7 7. O-O c5 8. d5
a6 9. c4 Rb8 10. Nbd2 b5 11. Qc1 bxc4 12. bxc4 Nb6 13. Bd1 Bd7 14. a4 a5 15.
Re1 Qe8 16. Bc3 Bxa4 17. Qa3 Bxd1 18. Rexd1 Ra8 19. Rdb1 Nfd7 20. Bxg7 Kxg7 21.
Rxb6 Nxb6 22. Qb2+ Kg8 23. Qxb6 Qb8 24. Qb1 Qxb1+ 25. Nxb1 Rfb8 26. Nfd2 Rb2
27. Kf1 e5 28. Ke1 a4 29. Ra3 f5 30. Nc3 Rb4 31. Nb5 Ra6 32. Kd1 Kf8 33. Kc2
Ke7 34. Nc3 Kd7 35. Na2 Rb7 36. Nb1 Rab6 37. Nd2 1/2-1/2

[Event "Unterfränkischen EM 2014"]
[Site "Wörth am Main"]
[Date "2014.04.22"]
[Round "2.8"]
[White "Albert, Samuel"]
[Black "Heerlein, Gerd"]
[Result "0-1"]
[WhiteElo "1464"]
[BlackElo "1775"]
[PlyCount "100"]
[EventDate "2014.??.??"]

1. d4 Nf6 2. c4 g6 3. Nc3 Bg7 4. e4 d6 5. g3 O-O 6. Bg2 e5 7. d5 a5 8. Nge2 Na6
9. Be3 Ng4 10. Qd2 Nxe3 11. Qxe3 Bd7 12. f3 f5 13. Qd2 Rf7 14. O-O Qf8 15. Bh3
Bh6 16. Qc2 Be3+ 17. Kh1 Qh6 18. Bg2 Raf8 19. Nd1 Bb6 20. Nec3 f4 21. Qd2 g5
22. g4 Qg6 23. Bh3 h5 24. Nf2 Bxf2 25. Rxf2 hxg4 26. Bxg4 Bxg4 27. fxg4 f3 28.
Raf1 Rf4 29. Qe3 Qf7 30. Na4 Nb4 31. Qb3 b6 32. a3 Na6 33. Qc3 Rxe4 34. Rxf3
Rf4 35. Rxf4 exf4 36. Rf3 Re8 37. b4 axb4 38. axb4 Qg7 39. b5 Qxc3 40. Rxc3 Nb8
41. Kg2 Nd7 42. Kf2 Ra8 43. Nb2 Ra2 44. Rc2 Ne5 45. h3 Rxb2 46. Rxb2 Nd3+ 47.
Kf3 Nxb2 48. h4 gxh4 49. Kxf4 Nxc4 50. g5 Na3 0-1

[Event "Unterfränkischen EM 2014"]
[Site "Wörth am Main"]
[Date "2014.04.22"]
[Round "2.9"]
[White "Englert, Fred"]
[Black "Stegnar, Roland"]
[Result "1-0"]
[WhiteElo "1813"]
[BlackElo "1385"]
[PlyCount "77"]
[EventDate "2014.??.??"]

1. c4 g6 2. Nf3 Bg7 3. Nc3 c6 4. d4 d6 5. g3 Nf6 6. Bg2 e6 7. O-O Qc7 8. Bf4
Nh5 9. Bd2 f5 10. Qc2 O-O 11. e3 Nd7 12. b4 Nb6 13. Qb3 d5 14. cxd5 cxd5 15.
Nb5 Qc6 16. Na3 Qe8 17. b5 Bd7 18. Rfc1 Rc8 19. Bb4 Rxc1+ 20. Rxc1 Rf7 21. Bd6
h6 22. Rc7 Bc8 23. Qc2 Rxc7 24. Qxc7 Qd7 25. Qc5 Bf6 26. Bf1 Ng7 27. Qb4 Qd8
28. Bc5 Kf7 29. Bd6 Nd7 30. Qc3 Be7 31. Bxe7 Kxe7 32. Qb4+ Kf7 33. Nc2 Qc7 34.
Bd3 Ne8 35. a4 Nb6 36. Ne5+ Kg7 37. a5 Nd7 38. Qe7+ Kg8 39. Qf7+ 1-0

[Event "Unterfränkischen EM 2014"]
[Site "Wörth am Main"]
[Date "2014.04.22"]
[Round "2.10"]
[White "Mattern, Kilian"]
[Black "Hartlaub, Marianne"]
[Result "1-0"]
[WhiteElo "1446"]
[BlackElo "1596"]
[PlyCount "141"]
[EventDate "2014.??.??"]

1. e4 d6 2. d4 Nf6 3. Nc3 c6 4. f4 Qa5 5. Bd2 Qb6 6. Nf3 Bg4 7. Na4 Qc7 8. Bd3
b5 9. Nc3 Nbd7 10. O-O e5 11. fxe5 dxe5 12. Be3 exd4 13. Bxd4 Bc5 14. Bxc5 Nxc5
15. Qd2 Rd8 16. Qg5 O-O 17. Qxc5 Nd7 18. Qg5 Be6 19. Nd4 Qb6 20. Qe3 Ne5 21.
Nf5 Qc7 22. Qg3 Bxf5 23. Rxf5 Qb6+ 24. Kh1 Nxd3 25. cxd3 Qd4 26. Rd1 b4 27. Na4
Rd6 28. Qe5 Rfd8 29. Qxd4 Rxd4 30. Nc5 g6 31. Rf3 Kg7 32. b3 Rb8 33. Rc1 a5 34.
Rc2 h5 35. Rcf2 Rb5 36. Rxf7+ Kh6 37. Ne6 Rxd3 38. Rf8 Rd7 39. Rh8+ Rh7 40.
Rxh7+ Kxh7 41. Rf1 Re5 42. Nd4 Rxe4 43. Nxc6 Re2 44. Nxa5 Rxa2 45. Nc4 Kh6 46.
Kg1 Kg5 47. Re1 Kh6 48. Kf1 Rc2 49. Re2 Rc1+ 50. Kf2 Rb1 51. Re3 Kg5 52. Ne5
Kf5 53. Nd3 Rxb3 54. Nc5 Rb2+ 55. Kf3 g5 56. h3 g4+ 57. hxg4+ hxg4+ 58. Kg3 Rc2
59. Nb3 Rc3 60. Nd4+ Kf6 61. Rxc3 bxc3 62. Kxg4 Ke5 63. Nb3 Ke4 64. Kg3 Ke3 65.
Na1 Kd3 66. Kf3 Kd2 67. g4 Kc1 68. Ke2 Kb2 69. Kd3 Ka3 70. Kxc3 Ka4 71. g5 1-0

[Event "Unterfränkischen EM 2014"]
[Site "Wörth am Main"]
[Date "2014.04.22"]
[Round "2.11"]
[White "Paeslack, Luis"]
[Black "Häusler, Luis"]
[Result "1-0"]
[WhiteElo "1491"]
[BlackElo "1281"]
[PlyCount "119"]
[EventDate "2014.??.??"]

1. e4 c5 2. Nf3 d6 3. d4 cxd4 4. Nxd4 Nf6 5. Nc3 a6 6. Be3 e6 7. Be2 Be7 8. O-O
Qc7 9. Qd3 Nbd7 10. Qc4 Qxc4 11. Bxc4 b5 12. Bd3 Bb7 13. f3 O-O 14. Nce2 Rac8
15. Rac1 d5 16. exd5 Nxd5 17. Bf2 Ne5 18. Be4 Nc4 19. b3 Nd2 20. Bxd5 Bxd5 21.
Rfd1 e5 22. Nf5 Bg5 23. Be3 Nxf3+ 24. gxf3 Bxe3+ 25. Nxe3 Bxf3 26. Kf2 e4 27.
Nf5 Rc5 28. Ne3 Rh5 29. Nf1 Rg5 30. Nfg3 h5 31. Rg1 h4 32. Nh1 Rxg1 33. Rxg1
Rd8 34. Ke3 f5 35. Nf2 Kf7 36. Nh3 Kf6 37. Nhf4 g5 38. Nh3 f4+ 39. Nhxf4 gxf4+
40. Nxf4 Kf5 41. c4 h3 42. c5 Rc8 43. Nxh3 Bg4 44. Nf2 Bf3 45. Rc1 Ke5 46. c6
Rc7 47. b4 Kd5 48. Rc5+ Kd6 49. Nxe4+ Bxe4 50. Kxe4 Ke7 51. h4 Kd8 52. h5 Re7+
53. Kf5 Kc7 54. h6 Re1 55. Kg6 Re6+ 56. Kg7 Re1 57. h7 Rg1+ 58. Kh6 Rh1+ 59.
Rh5 a5 60. Rxh1 1-0